000 01444nam0a2200337 4500
001 RU\NLR\BIBL_A\012902519
005 20250708193536.0
010 _a978-5-406-08756-5
_9500
035 _a(NLR Aleph) 012902519
090 _a12585853
_c12585853
100 _a20221005d2022 |||y0rusy50 ca
101 0 _arus
102 _aRU
105 _aab z 000zy
181 0 _ai3
_baxxe
182 0 _an
200 1 _aИстория береговых ракетно-артиллерийских войск
_eмонография
_fЛ. С. Шульдешов
203 _aТекст
_bвизуальный
_cнепосредственный
210 _aМосква
_cКнорус
_cBook.ru
_d2022
215 _a163 с.
_cил., цв. ил., карт., табл.
_d22
225 1 _aВоенная подготовка
300 _aНа 4-й с. обл. авт.: Л. С. Шульдешов, канд. воен. наук, проф.
320 _aБиблиогр. в подстроч. примеч.
601 0 1 _aРоссийская Федерация
_bВоенно-морской флот
_bРакетно-артиллерийские войска
_xИстория
_92542048
_3RU\NLR\AUTH\6601718357
686 1 _aЦ50,6(2Р)0г
686 1 _aЦ54,6(2Р)0г
700 1 _aШульдешов
_bЛ. С.
_gЛеонид Сергеевич
942 _cBOOK
980 _aNB